Central Library OPAC University of Rajshahi

The making of Pakistan / (Record no. 26706)

MARC details
000 -LEADER
fixed length control field 00754nam a22002651 4500
001 - CONTROL NUMBER
control field 26706
003 - CONTROL NUMBER IDENTIFIER
rucl marc code BD-RjUL
005 - DATE AND TIME OF LATEST TRANSACTION
control field 20211209051045.0
008 - FIXED-LENGTH DATA ELEMENTS--GENERAL INFORMATION
fixed length control field 140323s1966 p b b 001 0 eng
035 ## - SYSTEM CONTROL NUMBER
System control number (BD-RjUL)26776
System control number (OCoLC)1462689
040 ## - CATALOGING SOURCE
Original cataloging agency DLC
Transcribing agency FM
Modifying agency OCoLC
-- Uk
-- DLC
-- BD-RjUL
Language of cataloging eng
041 ## - LANGUAGE CODE
Language code of text/sound track or separate title eng
082 ## - DEWEY DECIMAL CLASSIFICATION NUMBER
Classification number 954
Author mark and year SYM 1966
100 1# - MAIN ENTRY--PERSONAL NAME
Personal name Symonds, Richard,
Dates associated with a name 1918-2006.
9 (RLIN) 18528
245 14 - TITLE STATEMENT
Title The making of Pakistan /
Statement of responsibility, etc. Richard Symonds.
250 ## - EDITION STATEMENT
Edition statement 1st. pak. ed.
260 ## - PUBLICATION, DISTRIBUTION, ETC. (IMPRINT)
Place of publication, distribution, etc. Karachi :
Name of publisher, distributor, etc. Allies book cor.,
Date of publication, distribution, etc. 1966.
300 ## - PHYSICAL DESCRIPTION
Pagination 227 p. :
Illustrations ill., maps. ;
Size 23 cm.
504 ## - BIBLIOGRAPHY, ETC. NOTE
Bibliography, etc Bibliography: p. 217-220. and index.
651 #0 - SUBJECT ADDED ENTRY--GEOGRAPHIC NAME
Geographic name Pakistan
General subdivision History.
9 (RLIN) 82059
942 ## - ADDED ENTRY ELEMENTS (KOHA)
Source of classification or shelving scheme Dewey Decimal Classification
Koha item type Books
Holdings
Lost status Source of classification or shelving scheme Damaged status Not for loan Collection code Permanent Location Current Location Shelving location Date acquired Source of acquisition Total Checkouts Full call number Date last seen Copy number Koha item type Cost, normal purchase price
  Dewey Decimal Classification     Non-fiction Central Library, University of Rajshahi Central Library, University of Rajshahi   03/12/1966 Unknown   954 SYM 1966 23/03/2014 C-4 Books  
  Dewey Decimal Classification     Non-fiction Central Library, University of Rajshahi Central Library, University of Rajshahi   03/12/1966 Unknown   954 SYM 1966 23/03/2014 C-5 Books 0.00